| 000 | 00560nam a22001697a 4500 | ||
|---|---|---|---|
| 003 | NUST | ||
| 038 | _aNusrat Nadeem | ||
| 082 | _a200 | ||
| 100 |
_aMaken, Noel Iftikhar _9120104 |
||
| 245 |
_aDigital Marketing in the 21st Century and its Implementation in a Business Environment/ _cNoel Iftikhar Maken |
||
| 264 |
_aIslamabad, _bNBS NUST, _c2023. |
||
| 300 |
_aill: _b33,p: _c30,cm. |
||
| 650 |
_aExecutive MBA _9120079 |
||
| 700 |
_aSupervisor: Dr. Zaryab Sheikh _9120106 |
||
| 856 | _uhttp://10.250.8.41:8080/xmlui/handle/123456789/39876 | ||
| 942 |
_2ddc _cSC |
||
| 999 |
_c607536 _d607536 |
||